Tratado Latinoamericano de sociología del trabajo /

Deseamos ubicar los aportes surgidos del estudio de las organizaciones, conjunto diverso de aproximaciones que han abordado desde distintas perspectivas los problemas del trabajo, las organizaciones y la organización. El propósito esencial de este trabajo es proporcionar al lector un cuadro comprens...

Descrizione completa

Salvato in:
Dettagli Bibliografici
Autore principale: Garza Toledo, Enrique de la
Enti autori: FLACSO, El Colegio de México Universidad Autónoma Metropolitana Fondo de Cultura Económica
Altri autori: coord
Natura: testo
Pubblicazione: México, D.F: El Colegio México
Soggetti:
Tags: Aggiungi Tag
Nessun Tag, puoi essere il primo ad aggiungerne!!

MARC

LEADER 00000 a a2200000 04500
001 26864
003
040
020 |a 968-16-6026-9  
090 |a 146609  
100 |a Garza Toledo, Enrique de la  
110 |a FLACSO  
245 |a Tratado Latinoamericano de sociología del trabajo /  |c FLACSO  
260 |a México, D.F:   |b El Colegio México  
300 |a 796 p  
520 |a Deseamos ubicar los aportes surgidos del estudio de las organizaciones, conjunto diverso de aproximaciones que han abordado desde distintas perspectivas los problemas del trabajo, las organizaciones y la organización. El propósito esencial de este trabajo es proporcionar al lector un cuadro comprensivo de la teoría de la organización "TO", territorio en disputa en el que se ha producido importantes debates, que renuevan constantemente sus líneas de investigación. Para cumplir con este propósito hemos elaborado un mapa conceptual que nos permitirá delinear la conformación de la TO como campo de conocimiento. DOC/WMV  
650 |a TRABAJO  
650 |a TEORIA  
650 |a ANALISIS SOCIOLOGICO  
650 |a ORGANIZACION DEL TRABAJO  
650 |a CULTURA  
650 |a CULTURA  
650 |a ORGANIZACION DEL TRABAJO  
700 |a coord  
710 |a El Colegio de México   |a Universidad Autónoma Metropolitana   |a Fondo de Cultura Económica  
999 |c 1628  |d 1628